000 00853nam a22002415i 4500
001 54470
003 ES-MaACL
005 20250813014529.0
007 t|
008 960724s1894 fr ||||1| fre d
100 1 _aReinach, Joseph.
_996038
245 1 0 _aDiderot /
_cpar Joseph Reinach.
260 _aParis :
_bLibrairie Hachette et Cie.,
_c1894 (
_eCoulommiers :
_fImp. Paul Brodard)
300 _a213 p., [1] h. de lám. ;
_c19 cm.
490 1 _aLes grands écrivains français
500 _aLám.: retrato de Diderot.
530 _aDisponible en formato digital.
600 1 4 _aDiderot, Denis,
_d1713-1784
_944511
830 1 _aLes grands écrivains français
_9182230
852 4 _aES-MaACL
_jB-3179(2)
_z- Enc. con otra obra
856 4 _uhttps://archive.org/details/diderotr00rein
_zInternet Archive
999 _c54470
_d54470